000
00213nam a2200097Ia 4500
008
190216s9999||||xx |||||||||||||| ||und||
100
_a
Puthayoorkulam Bapu
245
0
_a
Husnul Jamal
260
_b
Null
942
_c
BK
999
_c
21930
_d
21930